00597nam a2200157 a 450000100100000000500170001000800410002704000250006810000490009324500980014225000120024026000370025230000280028995201050031799900170042200003251820200930065701.0110718s19uu dr 000 0 spa d aDO-SdBNPbspacBNPHU1 aMartínez Armánzar, Juan Francisco95845310aNociones de historia patria :bresúmen de catedras /cJuan Francisco Martínez Armánzar. a6a. ed. a[Santo Domingo :bs.n.,c19--?]. a244 p. :bil. ;c21 cm. 0010718PDaPDbPDcCTd2013-06-18iLF1l0o p32518-10r2020-06-25w2020-06-25yLFPDZNo se presta c32009d32009